[Event "4NCL/Div2/BRI1 vs. WES1"]
[Site "Birmingham ENG"]
[Date "2007.11.11"]
[Round "4.1"]
[White "Cobb, Charles"]
[Black "Poulton, James"]
[Result "1-0"]
[WhiteElo "2401"]
[BlackElo "2372"]
[PlyCount "73"]
[EventDate "2007.11.11"]
[EventType "team"]
[EventRounds "11"]
[EventCountry "ENG"]
[SourceDate "2007.09.15"]

1. c4 g6 2. Nf3 Bg7 3. d4 c5 4. e4 cxd4 5. Nxd4 Nc6 6. Be3 Nf6 7. Nc3 Ng4 8.
Qxg4 Nxd4 9. Qd1 Ne6 10. Rc1 O-O 11. Be2 b6 12. O-O Bb7 13. Qd2 f5 14. exf5
gxf5 15. f4 Rc8 16. b3 d6 17. Bf3 Qd7 18. Bxb7 Qxb7 19. Rfe1 Rf7 20. Nd5 Nc5
21. Bxc5 bxc5 22. Re6 Qd7 23. Rce1 Re8 24. Qe2 Kf8 25. Qh5 Kg8 26. h3 Be5 27.
fxe5 Qxe6 28. Nc7 Qc8 29. Nxe8 Qxe8 30. exd6 e5 31. Qg5+ Kh8 32. Qe3 e4 33.
Qxc5 Kg8 34. Qd5 e3 35. c5 f4 36. c6 f3 37. gxf3 1-0

[Event "4NCL/Div2/BRI1 vs. WES1"]
[Site "Birmingham ENG"]
[Date "2007.11.11"]
[Round "4.2"]
[White "Simons, Martin J"]
[Black "Rudd, Jack"]
[Result "1/2-1/2"]
[WhiteElo "2220"]
[BlackElo "2332"]
[PlyCount "51"]
[EventDate "2007.11.11"]
[EventType "team"]
[EventRounds "11"]
[EventCountry "ENG"]
[SourceDate "2007.09.15"]

1. e4 e6 2. d3 d5 3. Nd2 Nf6 4. Ngf3 c5 5. g3 Nc6 6. Bg2 Be7 7. O-O b6 8. Re1
Bb7 9. a3 Qc7 10. Qe2 O-O-O 11. c3 dxe4 12. dxe4 Ng4 13. Nc4 b5 14. h3 bxc4 15.
hxg4 Rd3 16. Bf4 e5 17. Be3 f6 18. Red1 Rhd8 19. Ne1 Rxd1 20. Rxd1 Rxd1 21.
Qxd1 Qd7 22. Qa4 Qxg4 23. Bf3 Qe6 24. Be2 Kc7 25. Bxc4 Qg4 26. Qc2 1/2-1/2

[Event "4NCL/Div2/BRI1 vs. WES1"]
[Site "Birmingham ENG"]
[Date "2007.11.11"]
[Round "4.3"]
[White "Walker, Martin"]
[Black "Webb, Richard M"]
[Result "1/2-1/2"]
[WhiteElo "2244"]
[BlackElo "2257"]
[PlyCount "52"]
[EventDate "2007.11.11"]
[EventType "team"]
[EventRounds "11"]
[EventCountry "ENG"]
[SourceDate "2007.09.15"]

1. e4 c5 2. Nf3 d6 3. Bb5+ Bd7 4. Bxd7+ Qxd7 5. O-O Nc6 6. Nc3 g6 7. d4 cxd4 8.
Nxd4 Bg7 9. Be3 Nf6 10. f3 O-O 11. Qd2 Rac8 12. Rfd1 Nxd4 13. Bxd4 b5 14. Rac1
Qb7 15. b3 Rfd8 16. a4 b4 17. Na2 a5 18. c3 bxc3 19. Rxc3 Rxc3 20. Qxc3 Rc8 21.
Qd3 Nd7 22. Rb1 Nc5 23. Qe3 Bxd4 24. Qxd4 Rb8 25. Nc3 Nxb3 26. Qe3 Qb6 1/2-1/2

[Event "4NCL/Div2/BRI1 vs. WES1"]
[Site "Birmingham ENG"]
[Date "2007.11.11"]
[Round "4.4"]
[White "Lock, Gavin R"]
[Black "Beaumont, Chris"]
[Result "0-1"]
[WhiteElo "2212"]
[BlackElo "2324"]
[PlyCount "80"]
[EventDate "2007.11.11"]
[EventType "team"]
[EventRounds "11"]
[EventCountry "ENG"]
[SourceDate "2007.09.15"]

1. d4 Nf6 2. Nf3 g6 3. c4 Bg7 4. Nc3 O-O 5. e4 d6 6. h3 e5 7. d5 Na6 8. Bg5 h6
9. Be3 Nc5 10. Nd2 a5 11. g4 c6 12. Be2 Bd7 13. h4 cxd5 14. cxd5 b5 15. g5 hxg5
16. hxg5 Nh7 17. Rg1 b4 18. Ncb1 f5 19. gxf6 Qxf6 20. f3 Bh6 21. Nc4 Bxe3 22.
Nxe3 Ng5 23. Ng4 Nxf3+ 24. Bxf3 Qxf3 25. Qxf3 Rxf3 26. Nd2 Rf4 27. Ne3 Kg7 28.
Nec4 Nxe4 29. Nb6 Nxd2 30. Kxd2 Ra7 31. Ke3 Rb7 32. Nxd7 Rxd7 33. Rac1 Rd4 34.
Rg2 Rf7 35. Rc6 Rxd5 36. Ra6 Rf1 37. Rc2 Re1+ 38. Kf2 Red1 39. Ke2 Kf6 40. b3
e4 0-1

[Event "4NCL/Div2/BRI1 vs. WES1"]
[Site "Birmingham ENG"]
[Date "2007.11.11"]
[Round "4.5"]
[White "Buckley, David E"]
[Black "Yeo, Michael J"]
[Result "0-1"]
[WhiteElo "2240"]
[BlackElo "2153"]
[PlyCount "76"]
[EventDate "2007.11.11"]
[EventType "team"]
[EventRounds "11"]
[EventCountry "ENG"]
[SourceDate "2007.09.15"]

1. e4 e5 2. Nf3 Nc6 3. Bb5 a6 4. Ba4 d6 5. O-O Bg4 6. d3 Qf6 7. c3 Nge7 8. Be3
Bxf3 9. Qxf3 Qxf3 10. gxf3 g5 11. Nd2 f5 12. exf5 Nxf5 13. Bb3 Be7 14. a4 Nh4
15. Rfe1 O-O-O 16. Be6+ Kb8 17. b4 Rdf8 18. Bd5 Nd8 19. c4 Nf7 20. a5 c6 21.
Bxf7 Rxf7 22. b5 cxb5 23. cxb5 d5 24. d4 Bb4 25. Red1 Bxd2 26. Bxd2 Nxf3+ 27.
Kg2 exd4 28. bxa6 bxa6 29. Rab1+ Ka7 30. Bb4 Rc8 31. Rd3 g4 32. Rdb3 Rc2 33.
R1b2 Rxb2 34. Rxb2 d3 35. Bc5+ Ka8 36. Rb6 d2 37. Rxa6+ Kb8 38. Bd6+ Kc8 0-1

[Event "4NCL/Div2/BRI1 vs. WES1"]
[Site "Birmingham ENG"]
[Date "2007.11.11"]
[Round "4.6"]
[White "Jenks, Bruce"]
[Black "Poobalasingam, Peter"]
[Result "0-1"]
[WhiteElo "2148"]
[BlackElo "2158"]
[PlyCount "86"]
[EventDate "2007.11.11"]
[EventType "team"]
[EventRounds "11"]
[EventCountry "ENG"]
[SourceDate "2007.09.15"]

1. d4 Nf6 2. Bf4 e6 3. e3 Be7 4. Bd3 b6 5. h3 Bb7 6. Nf3 c5 7. Nbd2 cxd4 8.
exd4 O-O 9. O-O d6 10. Re1 Nbd7 11. c3 Re8 12. a4 a6 13. Qe2 Nf8 14. g4 Ng6 15.
Bg3 Nd5 16. Qd1 Rc8 17. Ne4 Rf8 18. Qd2 Qd7 19. Neg5 h6 20. c4 Nc7 21. Be4 Bxe4
22. Nxe4 f5 23. gxf5 exf5 24. Nc3 f4 25. Bh2 Qxh3 26. Qe2 Rce8 27. Ne4 d5 28.
Ned2 Bb4 29. Qf1 Qxf1+ 30. Kxf1 Rxe1+ 31. Rxe1 dxc4 32. Rc1 b5 33. axb5 axb5
34. Ne4 Nd5 35. Ne1 Ra8 36. Nc2 Ra2 37. Rb1 Be7 38. Na3 c3 39. Nxb5 c2 40. Rc1
Rxb2 41. Nbc3 Nxc3 42. Nxc3 Bb4 43. Ne2 Bd2 0-1

[Event "4NCL/Div2/BRI1 vs. WES1"]
[Site "Birmingham ENG"]
[Date "2007.11.11"]
[Round "4.7"]
[White "Dilleigh, Stephen P"]
[Black "Hopkins, Jamie R"]
[Result "1/2-1/2"]
[WhiteElo "2135"]
[BlackElo "2137"]
[PlyCount "227"]
[EventDate "2007.11.11"]
[EventType "team"]
[EventRounds "11"]
[EventCountry "ENG"]
[SourceDate "2007.09.15"]

1. d4 d6 2. e4 Nf6 3. Nc3 c6 4. f4 Qa5 5. e5 Ne4 6. Qf3 d5 7. Bd3 Na6 8. Nge2
Nb4 9. O-O Nxd3 10. cxd3 Nxc3 11. bxc3 g6 12. a4 h5 13. h3 h4 14. Ba3 Qd8 15.
Rfb1 b6 16. c4 e6 17. Rc1 Bd7 18. Nc3 Rc8 19. Bxf8 Kxf8 20. c5 f5 21. exf6 Qxf6
22. Qe3 Kg7 23. Ne2 Rb8 24. Rab1 Rhe8 25. cxb6 axb6 26. Qe5 Qxe5 27. fxe5 c5
28. dxc5 bxc5 29. Rxb8 Rxb8 30. Rxc5 Bxa4 31. Rc7+ Kh6 32. Re7 Re8 33. Rxe8
Bxe8 34. Nd4 Bd7 35. Kf2 Kg5 36. Ke3 Kh5 37. Kf4 g5+ 38. Kf3 Bc8 39. Nb3 Ba6
40. Nc5 Bb5 41. d4 Kg6 42. Nxe6 Kf5 43. Nc5 Be8 44. Nd3 Bh5+ 45. Ke3 Be8 46.
Nf2 Bb5 47. Ng4 Be8 48. Nf6 Bf7 49. Kf3 Kg6 50. Ng4 Be6 51. Ne3 Kf7 52. Ng4 Kg6
53. Nf6 Bf7 54. Nd7 Kf5 55. Nc5 Bh5+ 56. Ke3 Bf7 57. Nb7 Be6 58. Nd8 Bd7 59.
Kf3 Be8 60. Nb7 Bh5+ 61. Ke3 Ke6 62. Nd6 Bg6 63. Kf3 Bh5+ 64. Kf2 Bg6 65. g3
hxg3+ 66. Kxg3 Bh5 67. h4 gxh4+ 68. Kxh4 Bd1 69. Kg5 Bc2 70. Ne8 Kd7 71. Nf6+
Ke6 72. Nh5 Ke7 73. Nf4 Be4 74. Kg4 Kf7 75. Kh5 Bf3+ 76. Kh6 Be4 77. Kg5 Ke7
78. Ne2 Ke6 79. Kf4 Bc2 80. Ng1 Bb1 81. Nf3 Bc2 82. Ng5+ Ke7 83. Ke3 Bg6 84.
Kd2 Bf5 85. Kc3 Kd7 86. Kb4 Kc6 87. Nf7 Bd3 88. Nd6 Bg6 89. Nb5 Be4 90. Nc3 Bf5
91. Ka5 Bd3 92. Na2 Be4 93. Nb4+ Kd7 94. Kb5 Ke6 95. Kc5 Bf3 96. Nd3 Kf5 97.
Kd6 Ke4 98. Nb4 Kxd4 99. e6 Bh5 100. Nxd5 Bg6 101. Nf6 Ke3 102. Ke5 Kf3 103. e7
Kg3 104. Ne4+ Kg4 105. Kf6 Be8 106. Nd6 Ba4 107. Ne4 Kf4 108. Nc5 Be8 109. Ke6
Kg5 110. Nd7 Kg6 111. Ne5+ Kg7 112. Ng4 Kg8 113. Ne5 Kg7 114. Nd7 1/2-1/2

[Event "4NCL/Div2/BRI1 vs. WES1"]
[Site "Birmingham ENG"]
[Date "2007.11.11"]
[Round "4.8"]
[White "Khoo, Selina"]
[Black "Jarvis, Deborah"]
[Result "1/2-1/2"]
[WhiteElo "2010"]
[BlackElo "1400"]
[PlyCount "104"]
[EventDate "2007.11.11"]
[EventType "team"]
[EventRounds "11"]
[EventCountry "ENG"]
[SourceDate "2007.09.15"]

1. e4 e5 2. Bc4 Nf6 3. d3 Nc6 4. Nc3 Na5 5. Qf3 Nxc4 6. dxc4 Bc5 7. Bg5 h6 8.
Bh4 c6 9. Qg3 O-O 10. Qxe5 Be7 11. O-O-O Re8 12. Qd4 Nxe4 13. Nxe4 Bxh4 14. Nd6
Bf6 15. Qg4 Re6 16. Nh3 Be5 17. Nxc8 Rxc8 18. f4 Bf6 19. f5 Re8 20. Rd3 d5 21.
cxd5 cxd5 22. Qd1 Qb6 23. Rb3 Qc6 24. Kb1 a5 25. Nf4 a4 26. Rd3 Qb5 27. b3 axb3
28. Rxb3 Qc6 29. Nxd5 Red8 30. Nxf6+ Qxf6 31. Qf3 Rd2 32. Rc1 Qe7 33. Rxb7 Qc5
34. Rb2 Rd4 35. g4 Qc7 36. h3 Rb8 37. Rxb8+ Qxb8+ 38. Ka1 Rc4 39. Qb3 Rb4 40.
Qc3 Ra4 41. Rb1 Qa8 42. Qb3 Kh7 43. Qxf7 Qd8 44. Qb3 Qa5 45. Qb2 Rxa2+ 46. Qxa2
Qc3+ 47. Rb2 Qe1+ 48. Qb1 Qa5+ 49. Ra2 Qc3+ 50. Qb2 Qe1+ 51. Qb1 Qc3+ 52. Rb2
Qa5+ 1/2-1/2

[Event "4NCL/Div2/SWD1 vs. OXF1"]
[Site "Birmingham ENG"]
[Date "2007.11.11"]
[Round "4.1"]
[White "Cobb, James E"]
[Black "Savage, Ben D"]
[Result "1/2-1/2"]
[WhiteElo "2417"]
[BlackElo "2332"]
[PlyCount "85"]
[EventDate "2007.11.11"]
[EventType "team"]
[EventRounds "11"]
[EventCountry "ENG"]
[SourceDate "2007.09.15"]

1. Nf3 d5 2. g3 Nf6 3. Bg2 c6 4. O-O Bf5 5. d3 e6 6. b3 Bd6 7. Qe1 h6 8. Nbd2
e5 9. e4 dxe4 10. dxe4 Be6 11. Bb2 Nbd7 12. Qe2 Qe7 13. a4 O-O 14. Nc4 Bxc4 15.
Qxc4 Rfe8 16. Nh4 Qe6 17. Qxe6 fxe6 18. Rad1 Bc7 19. Rfe1 Rad8 20. Bc3 Nc5 21.
Rxd8 Rxd8 22. Ng6 Ng4 23. Bf3 Kf7 24. Bxg4 Kxg6 25. a5 Kf7 26. h4 Bd6 27. Kg2
Na6 28. Rd1 Bc7 29. Rxd8 Bxd8 30. Be2 Nc5 31. Kf3 Bc7 32. Ke3 Bd6 33. h5 Nd7
34. b4 a6 35. Bd2 Nf6 36. Kd3 Ke7 37. c3 Kd7 38. Be3 Kc7 39. Bb6+ Kd7 40. Be3
Kc7 41. Bd2 Kd7 42. c4 Bc7 43. Be3 1/2-1/2

[Event "4NCL/Div2/SWD1 vs. OXF1"]
[Site "Birmingham ENG"]
[Date "2007.11.11"]
[Round "4.2"]
[White "Ozeren, Kemal"]
[Black "Cooper, John G"]
[Result "1/2-1/2"]
[WhiteElo "2312"]
[BlackElo "2366"]
[PlyCount "58"]
[EventDate "2007.11.11"]
[EventType "team"]
[EventRounds "11"]
[EventCountry "ENG"]
[SourceDate "2007.09.15"]

1. Nf3 d5 2. d4 c5 3. dxc5 e6 4. a3 Bxc5 5. b4 Bd6 6. Bb2 Nf6 7. e3 a5 8. c3
O-O 9. Nbd2 e5 10. Be2 Qe7 11. O-O Nbd7 12. Qb3 e4 13. Nd4 Ne5 14. Nb5 Nc4 15.
Qc2 Be5 16. Nxc4 dxc4 17. a4 Ra6 18. bxa5 Bxh2+ 19. Kxh2 Ng4+ 20. Bxg4 Bxg4 21.
Nd4 Bf3 22. Nxf3 exf3 23. Kg3 fxg2 24. Rg1 Qg5+ 25. Kf3 Qh5+ 26. Kxg2 Rg6+ 27.
Kf1 Qh3+ 28. Ke2 Qh5+ 29. Kf1 Qh3+ 1/2-1/2

[Event "4NCL/Div2/SWD1 vs. OXF1"]
[Site "Birmingham ENG"]
[Date "2007.11.11"]
[Round "4.3"]
[White "Blackburn, Jonathan L B"]
[Black "Shaw, David A"]
[Result "0-1"]
[WhiteElo "2228"]
[BlackElo "2219"]
[PlyCount "80"]
[EventDate "2007.11.11"]
[EventType "team"]
[EventRounds "11"]
[EventCountry "ENG"]
[SourceDate "2007.09.15"]

1. d4 e6 2. c4 d5 3. Nc3 Nf6 4. Bg5 Nbd7 5. cxd5 exd5 6. e3 c6 7. Bd3 Be7 8.
Nge2 O-O 9. Qc2 Re8 10. O-O Nf8 11. Rab1 Ng6 12. b4 a6 13. Ng3 Ng4 14. Bxe7
Qxe7 15. Nf5 Qg5 16. h3 Nh6 17. f4 Qh5 18. Nxh6+ Qxh6 19. Rf3 Nh4 20. Rg3 Qf6
21. Qf2 Bf5 22. Bxf5 Nxf5 23. Rf3 Nh4 24. Rg3 Re6 25. Rb3 Rae8 26. Nd1 Nf5 27.
Rf3 Nxd4 28. exd4 Re1+ 29. Kh2 Rxd1 30. Rbe3 Re4 31. Qg3 Rdxd4 32. f5 h6 33.
Qb8+ Kh7 34. Rxe4 Rxe4 35. Qxb7 Qe5+ 36. Kg1 Re1+ 37. Kf2 Qe2+ 38. Kg3 Rg1 39.
Rf2 Qe3+ 40. Rf3 Qg5+ 0-1

[Event "4NCL/Div2/SWD1 vs. OXF1"]
[Site "Birmingham ENG"]
[Date "2007.11.11"]
[Round "4.4"]
[White "White, Michael J R"]
[Black "Morris, Charles F"]
[Result "1-0"]
[WhiteElo "2274"]
[BlackElo "2198"]
[PlyCount "87"]
[EventDate "2007.11.11"]
[EventType "team"]
[EventRounds "11"]
[EventCountry "ENG"]
[SourceDate "2007.09.15"]

1. e4 e6 2. d4 d5 3. Nd2 c5 4. Ngf3 Nc6 5. exd5 exd5 6. dxc5 Bxc5 7. Nb3 Bd6 8.
Be2 h6 9. c3 Nf6 10. Nbd4 O-O 11. h3 Re8 12. g4 Ne4 13. Rg1 Nxd4 14. Nxd4 Nxf2
15. Kxf2 Qh4+ 16. Kf1 Qxh3+ 17. Rg2 Bc5 18. Kg1 Bd7 19. Bf4 Qh4 20. Qd2 Re4 21.
Bf3 Rae8 22. Bg3 Qf6 23. Bxe4 Rxe4 24. Rf1 Qg6 25. Rf4 Bxg4 26. Rxe4 dxe4 27.
Bc7 Qe6 28. Kh2 Qd7 29. Qf4 h5 30. Nb3 Be7 31. Rd2 Qc6 32. Bd8 Bf8 33. Rd4 f5
34. Bg5 Qa6 35. Nc1 Bf3 36. c4 Qb6 37. Nb3 a5 38. Bd8 Qa7 39. Qe5 a4 40. Nd2
Bc5 41. Nxf3 exf3 42. Rd7 Bf8 43. Qd5+ Kh8 44. Qxf3 1-0

[Event "4NCL/Div2/SWD1 vs. OXF1"]
[Site "Birmingham ENG"]
[Date "2007.11.11"]
[Round "4.5"]
[White "James, David J"]
[Black "Rawlinson, Aidan"]
[Result "0-1"]
[WhiteElo "2220"]
[BlackElo "2221"]
[PlyCount "74"]
[EventDate "2007.11.11"]
[EventType "team"]
[EventRounds "11"]
[EventCountry "ENG"]
[SourceDate "2007.09.15"]

1. Nf3 d5 2. d4 Nf6 3. c4 e6 4. Nc3 c6 5. Bg5 dxc4 6. e4 b5 7. e5 h6 8. Bh4 g5
9. Nxg5 hxg5 10. Bxg5 Nbd7 11. exf6 Bb7 12. g3 Qc7 13. Bg2 c5 14. d5 b4 15. Ne2
O-O-O 16. O-O exd5 17. a3 b3 18. Nc3 d4 19. Nd5 Bxd5 20. Bxd5 Qe5 21. Qf3 Bh6
22. Bxh6 Rxh6 23. Bxc4 Rxf6 24. Qa8+ Qb8 25. Qxb8+ Kxb8 26. Bxb3 Rb6 27. Bxf7
Ne5 28. Ba2 Rxb2 29. Rab1 Rxb1 30. Rxb1+ Kc7 31. f4 Ng4 32. Bc4 d3 33. Ba6 d2
34. Be2 Ne3 35. Bd1 Nxd1 36. Rxd1 c4 37. Kf2 c3 0-1

[Event "4NCL/Div2/SWD1 vs. OXF1"]
[Site "Birmingham ENG"]
[Date "2007.11.11"]
[Round "4.6"]
[White "Eckersley-Waites, Tom"]
[Black "Zeidler, Sven P"]
[Result "1-0"]
[WhiteElo "2186"]
[BlackElo "2219"]
[PlyCount "93"]
[EventDate "2007.11.11"]
[EventType "team"]
[EventRounds "11"]
[EventCountry "ENG"]
[SourceDate "2007.09.15"]

1. e4 d5 2. exd5 Qxd5 3. Nf3 Bg4 4. Be2 Nc6 5. h3 Bxf3 6. Bxf3 Qe5+ 7. Qe2
Qxe2+ 8. Bxe2 O-O-O 9. Bc4 e6 10. d3 Nd4 11. Kd1 b5 12. Bb3 Bc5 13. Nd2 Nf6 14.
Rf1 Bb6 15. a4 a6 16. Ba2 Rhe8 17. Nb3 Nxb3 18. Bxb3 Ne4 19. a5 Ba7 20. Be3 Kb7
21. Ke2 Bxe3 22. Kxe3 Nf6 23. c4 Re7 24. Bd1 Red7 25. Bf3+ Ka7 26. Rfd1 Rd4 27.
cxb5 axb5 28. Rac1 R4d7 29. b4 Ne8 30. Bc6 Re7 31. Bxb5 Nd6 32. Ba4 Nf5+ 33.
Kd2 e5 34. Rc5 Rd4 35. Kc3 Rf4 36. Re1 f6 37. f3 Nd4 38. Kd2 c6 39. Kc3 Rb7 40.
Re4 Ne6 41. Rxc6 Rxe4 42. dxe4 Nf4 43. b5 Kb8 44. b6 Rd7 45. Bb5 Ng6 46. a6 Ne7
47. Re6 1-0

[Event "4NCL/Div2/SWD1 vs. OXF1"]
[Site "Birmingham ENG"]
[Date "2007.11.11"]
[Round "4.7"]
[White "Spice, Alan"]
[Black "Smallbone, Kieran"]
[Result "1/2-1/2"]
[WhiteElo "2170"]
[BlackElo "2216"]
[PlyCount "82"]
[EventDate "2007.11.11"]
[EventType "team"]
[EventRounds "11"]
[EventCountry "ENG"]
[SourceDate "2007.09.15"]

1. Nc3 d5 2. e4 c6 3. d4 dxe4 4. Nxe4 Bf5 5. Ng3 Bg6 6. h4 h6 7. Nf3 Nf6 8. h5
Bh7 9. Bd3 Bxd3 10. Qxd3 e6 11. Bf4 Qa5+ 12. Bd2 Bb4 13. c3 Be7 14. Ne5 Nbd7
15. Bf4 Nxe5 16. Bxe5 Rd8 17. Qe2 O-O 18. O-O Rfe8 19. a4 a6 20. b4 Qb6 21. a5
Qa7 22. Bxf6 Bxf6 23. Ne4 Be7 24. Nd2 Qb8 25. Nc4 Bf6 26. f4 Qc7 27. Qe4 Qd7
28. Ne3 Be7 29. g4 f5 30. Qg2 Bd6 31. Ra2 fxg4 32. Nxg4 Kh8 33. Ne5 Bxe5 34.
fxe5 Rf8 35. Raf2 Rxf2 36. Rxf2 Qe7 37. Qg6 Kg8 38. Rf6 Rf8 39. Rxe6 Qh4 40.
Re8 Qf2+ 41. Kh1 Qf1+ 1/2-1/2

[Event "4NCL/Div2/SWD1 vs. OXF1"]
[Site "Birmingham ENG"]
[Date "2007.11.11"]
[Round "4.8"]
[White "Tidman, Sophie"]
[Black "Blackburn, Suzie"]
[Result "1-0"]
[WhiteElo "2092"]
[BlackElo "1859"]
[PlyCount "53"]
[EventDate "2007.11.11"]
[EventType "team"]
[EventRounds "11"]
[EventCountry "ENG"]
[SourceDate "2007.09.15"]

1. e4 e6 2. d4 d5 3. e5 c5 4. c3 Nc6 5. Nf3 Bd7 6. Be2 Nge7 7. Na3 cxd4 8. cxd4
Nf5 9. Nc2 Be7 10. O-O O-O 11. b3 a6 12. g4 Nh4 13. Nxh4 Bxh4 14. f4 f6 15. Bb2
g5 16. f5 exf5 17. Ne3 fxe5 18. dxe5 Qb6 19. Qxd5+ Rf7 20. Rf3 Nb4 21. Qd4 Qxd4
22. Bxd4 fxg4 23. Rxf7 Kxf7 24. Rf1+ Kg6 25. Rf6+ Kg7 26. e6 Bc6 27. e7 1-0

[Event "4NCL/Div2/HKF2 vs. PAP"]
[Site "Birmingham ENG"]
[Date "2007.11.11"]
[Round "4.1"]
[White "Therrien, Alex"]
[Black "Emms, John M"]
[Result "1/2-1/2"]
[WhiteElo "2241"]
[BlackElo "2503"]
[PlyCount "87"]
[EventDate "2007.11.11"]
[EventType "team"]
[EventRounds "11"]
[EventCountry "ENG"]
[SourceDate "2007.09.15"]

1. d4 Nf6 2. c4 e6 3. Nc3 Bb4 4. e3 O-O 5. Nge2 d5 6. a3 Bd6 7. c5 Be7 8. b4 b6
9. Nf4 c6 10. Be2 Nbd7 11. Nd3 a5 12. Bb2 Ba6 13. O-O Qc7 14. Qc2 axb4 15. axb4
Bc4 16. f3 Rfb8 17. Rxa8 Rxa8 18. Ra1 Rxa1+ 19. Bxa1 Qb7 20. Bb2 h6 21. g3 Ne8
22. e4 Nc7 23. Nd1 bxc5 24. bxc5 e5 25. Ne3 dxe4 26. Nxc4 exd3 27. Bxd3 exd4
28. Nd6 Bxd6 29. cxd6 Ne6 30. Be4 Ndc5 31. Bxd4 Nxe4 32. Qxe4 Qd7 33. Be5 Ng5
34. Qd3 Qa7+ 35. Kg2 Qd7 36. Kg1 Qa7+ 37. Kg2 Qd7 38. f4 Ne6 39. f5 Nf8 40. Bf4
Nh7 41. Qd4 Nf6 42. Be5 c5 43. Qd3 Ne8 44. Bf4 1/2-1/2

[Event "4NCL/Div2/HKF2 vs. PAP"]
[Site "Birmingham ENG"]
[Date "2007.11.11"]
[Round "4.2"]
[White "Ward, Chris G"]
[Black "Hagesaether, Arne"]
[Result "1-0"]
[WhiteElo "2441"]
[BlackElo "2153"]
[PlyCount "65"]
[EventDate "2007.11.11"]
[EventType "team"]
[EventRounds "11"]
[EventCountry "ENG"]
[SourceDate "2007.09.15"]

1. d4 d5 2. c4 c6 3. Nf3 Nf6 4. Nc3 a6 5. c5 Nbd7 6. Bf4 Nh5 7. Bg5 h6 8. Bd2
Nhf6 9. Bf4 Nh5 10. Be5 Nxe5 11. Nxe5 Nf6 12. e3 Qc7 13. Bd3 e6 14. f4 Be7 15.
O-O O-O 16. Rc1 Nd7 17. Qh5 f5 18. Ng6 Rf7 19. Rc2 Nf6 20. Qh3 Bd7 21. Kh1 b6
22. cxb6 Qxb6 23. Na4 Qa5 24. Nxe7+ Rxe7 25. b3 Be8 26. Qh4 Raa7 27. h3 Kf7 28.
g4 c5 29. Nxc5 Bb5 30. g5 Rec7 31. gxf6 Bxd3 32. Rg2 Be4 33. Nxe4 1-0

[Event "4NCL/Div2/HKF2 vs. PAP"]
[Site "Birmingham ENG"]
[Date "2007.11.11"]
[Round "4.3"]
[White "Crombleholme, Alan K"]
[Black "Summerscale, Aaron"]
[Result "0-1"]
[WhiteElo "2117"]
[BlackElo "2478"]
[PlyCount "56"]
[EventDate "2007.11.11"]
[EventType "team"]
[EventRounds "11"]
[EventCountry "ENG"]
[SourceDate "2007.09.15"]

1. d4 c5 2. d5 f5 3. Nc3 Nf6 4. Bg5 Qb6 5. Qd2 Qxb2 6. Rb1 Qa3 7. Bxf6 gxf6 8.
e3 d6 9. Bb5+ Nd7 10. Nge2 a6 11. Bxd7+ Kxd7 12. O-O b5 13. Ng3 Kd8 14. Nce2
Bh6 15. c3 Qa4 16. Nf4 Bxf4 17. exf4 h5 18. h4 Bd7 19. Rfe1 Rh7 20. Re6 Bxe6
21. dxe6 Kc7 22. Re1 b4 23. Qd5 Rg8 24. Qxf5 Rhg7 25. cxb4 Qxb4 26. Rb1 Qd4 27.
Kf1 Rb8 28. Nxh5 Rb2 0-1

[Event "4NCL/Div2/HKF2 vs. PAP"]
[Site "Birmingham ENG"]
[Date "2007.11.11"]
[Round "4.4"]
[White "Winkelmann, Elena"]
[Black "Forman, Karl L"]
[Result "1-0"]
[WhiteElo "2115"]
[BlackElo "2034"]
[PlyCount "53"]
[EventDate "2007.11.11"]
[EventType "team"]
[EventRounds "11"]
[EventCountry "ENG"]
[SourceDate "2007.09.15"]

1. d4 f5 2. e4 fxe4 3. Nc3 Nf6 4. Bg5 Nc6 5. d5 Ne5 6. Qe2 Nf7 7. Bxf6 exf6 8.
Qxe4+ Be7 9. Nf3 O-O 10. Bd3 f5 11. Qa4 Nd6 12. O-O c6 13. Rfe1 b5 14. Qb3 Kh8
15. Ne5 b4 16. Qxb4 Ne4 17. Qc4 Nd6 18. Qa4 c5 19. Ba6 Bxa6 20. Qxa6 Nf7 21.
Nxf7+ Rxf7 22. d6 Bf6 23. Qc4 Bxc3 24. Qxf7 Bxe1 25. Rxe1 g6 26. Re7 Qg8 27.
Qf6+ 1-0

[Event "4NCL/Div2/HKF2 vs. PAP"]
[Site "Birmingham ENG"]
[Date "2007.11.11"]
[Round "4.5"]
[White "Parmar, Amisha"]
[Black "Flear, Christine"]
[Result "1/2-1/2"]
[WhiteElo "2007"]
[BlackElo "2149"]
[PlyCount "63"]
[EventDate "2007.11.11"]
[EventType "team"]
[EventRounds "11"]
[EventCountry "ENG"]
[SourceDate "2007.09.15"]

1. e4 c5 2. Nf3 e6 3. d4 cxd4 4. Nxd4 a6 5. Bd3 Nf6 6. O-O Qc7 7. c4 d6 8. Nc3
g6 9. f4 Bg7 10. Nf3 O-O 11. Qe2 Nbd7 12. Kh1 b6 13. Bd2 Bb7 14. Rae1 Rac8 15.
b3 Qb8 16. f5 exf5 17. exf5 Rfe8 18. Qf2 Rxe1 19. Rxe1 Re8 20. fxg6 hxg6 21. h3
Bxf3 22. Qxf3 Ne5 23. Qf1 Nh5 24. Kh2 d5 25. Kg1 Ng3 26. Qf2 Nxd3 27. Rxe8+
Qxe8 28. Qxg3 dxc4 29. bxc4 Bd4+ 30. Kf1 Ne5 31. Qf4 Nc6 32. Nd5 1/2-1/2

[Event "4NCL/Div2/HKF2 vs. PAP"]
[Site "Birmingham ENG"]
[Date "2007.11.11"]
[Round "4.6"]
[White "Forbes, Cathy"]
[Black "Foord, Dominic"]
[Result "1-0"]
[WhiteElo "2090"]
[BlackElo "2004"]
[PlyCount "81"]
[EventDate "2007.11.11"]
[EventType "team"]
[EventRounds "11"]
[EventCountry "ENG"]
[SourceDate "2007.09.15"]

1. d4 d5 2. Bf4 c6 3. c3 Qb6 4. Qb3 Bf5 5. Nd2 Nd7 6. Ngf3 h6 7. h3 Ngf6 8. e3
e6 9. Be2 a5 10. O-O a4 11. Qxb6 Nxb6 12. a3 Be7 13. Rac1 O-O 14. Ne5 Rfd8 15.
Rfe1 c5 16. Ng4 Rac8 17. Nxf6+ Bxf6 18. Bf1 Bh7 19. Nf3 c4 20. Nd2 Be7 21. e4
dxe4 22. Nxe4 Nd5 23. Bh2 Rc6 24. Nd2 Bg5 25. Red1 Rdc8 26. g3 Be7 27. Re1 g5
28. g4 f5 29. Bg2 Bf6 30. Rxe6 Rd8 31. Rxc6 bxc6 32. gxf5 Bxf5 33. Nxc4 Nf4 34.
Bxf4 gxf4 35. Bxc6 Kh7 36. Kh2 Bh4 37. Bxa4 Bxf2 38. Bc2 Rf8 39. Ne5 Bg3+ 40.
Kg2 Bxc2 41. Rxc2 1-0

[Event "4NCL/Div2/HKF2 vs. PAP"]
[Site "Birmingham ENG"]
[Date "2007.11.11"]
[Round "4.7"]
[White "Tivillier, Jacques"]
[Black "Yurenok, Maria S"]
[Result "0-1"]
[WhiteElo "1900"]
[BlackElo "2036"]
[PlyCount "90"]
[EventDate "2007.11.11"]
[EventType "team"]
[EventRounds "11"]
[EventCountry "ENG"]
[SourceDate "2007.09.15"]

1. e4 c5 2. Nf3 e6 3. d4 cxd4 4. Nxd4 Nc6 5. Be3 Qc7 6. Nc3 a6 7. Be2 Nf6 8.
O-O Bb4 9. Bf3 Ne5 10. Nce2 Neg4 11. Bf4 Bd6 12. Bxd6 Qxd6 13. g3 h5 14. Nc3
Rb8 15. h3 Ne5 16. Bg2 Qc5 17. Nb3 Qc7 18. Nd2 b5 19. f4 Qb6+ 20. Kh1 Neg4 21.
Qf3 Ne3 22. Rfc1 Nxg2 23. Kxg2 Bb7 24. Re1 b4 25. Nd1 d5 26. Nf2 dxe4 27. Qe3
Qxe3 28. Rxe3 Nd5 29. Rae1 Nxe3+ 30. Rxe3 f5 31. Nc4 O-O 32. Kf1 Bd5 33. Ne5
Rfc8 34. Re2 Rc7 35. Nd1 Bc4 36. Nxc4 Rxc4 37. Ne3 Rd4 38. Ke1 a5 39. b3 Rc8
40. Nc4 Rc5 41. Re3 a4 42. Re2 axb3 43. axb3 Rcd5 44. Ne3 Ra5 45. h4 Kf7 0-1

[Event "4NCL/Div2/HKF2 vs. PAP"]
[Site "Birmingham ENG"]
[Date "2007.11.11"]
[Round "4.8"]
[White "Thilaganathan, Jessica"]
[Black "Alcock, Graham P"]
[Result "1-0"]
[WhiteElo "1929"]
[BlackElo "1935"]
[PlyCount "69"]
[EventDate "2007.11.11"]
[EventType "team"]
[EventRounds "11"]
[EventCountry "ENG"]
[SourceDate "2007.09.15"]

1. d4 d5 2. c4 Nf6 3. Nc3 g6 4. h4 Bg7 5. h5 Nxh5 6. cxd5 c6 7. dxc6 Nxc6 8. e3
e6 9. Be2 Nf6 10. Bf3 Qd7 11. Nge2 O-O 12. Rb1 a6 13. Na4 Qc7 14. Qc2 Nd5 15.
Bd2 b6 16. Rc1 Bb7 17. e4 Qe7 18. exd5 exd5 19. O-O Nxd4 20. Nxd4 Bxd4 21. Qc7
Qxc7 22. Rxc7 Rab8 23. Bf4 Ba8 24. Rd1 b5 25. Rxd4 bxa4 26. Rxa4 Rxb2 27. Rxa6
Rb4 28. Bh6 Re8 29. g3 Rb7 30. Rxa8 Rb1+ 31. Kg2 Rxa8 32. Bxd5 Rab8 33. Bxf7+
Kh8 34. Bd5 Rg8 35. Bg7+ 1-0